| 000 | 00795nam a2200265 a 4500 | ||
|---|---|---|---|
| 003 | MX-MxUPN | ||
| 005 | 20240925065100.0 | ||
| 008 | 181004m20162017fr fr 000 0 fre d | ||
| 020 | _a9782342151008 (v.1) | ||
| 020 | _a9782342153071 (v.3) | ||
| 035 | _aUPN01000227058 | ||
| 040 |
_aMX-MxUPN _bspa _cMX-MxUPN |
||
| 041 | 0 | _afre | |
| 050 | 1 | 4 |
_aBF145 _bP79 |
| 100 | 1 |
_aLobrot, Michel, _d1924- _929046 |
|
| 245 | 1 | 3 | _aLe psychisme en mouvement |
| 260 |
_aParís : _bPublibook, _c2016-2017. |
||
| 300 | _a3 volúmenes | ||
| 500 | _aLa biblioteca tiene los volúmenes 1 y 3. | ||
| 505 | 2 |
_gVolumen 1 : _tUne nouvele théorie psychologique -- _gVolumen 3: _tL'Écologie humaine |
|
| 650 | 4 |
_aPsicología _938 |
|
| 902 | _aVíctor Ruiz/080324 | ||
| 942 |
_2lcc _cLIBRO |
||
| 999 |
_c199154 _d199154 |
||